|
|
|
|
| LEADER |
00000nab a2200000 a 4500 |
| 001 |
vtls009153421 |
| 003 |
SK-MaSNL |
| 005 |
20260303064019.0 |
| 008 |
071025 2007 xo dr er 000 0 slo |
| 038 |
|
|
|a KEVKJB
|
| 040 |
|
|
|a KEVKJB
|b slo
|c KEVKJB
|e AACR2
|
| 041 |
0 |
|
|a slo
|
| 044 |
|
|
|a xo
|c SK
|
| 080 |
|
|
|a 792.82
|2 2001
|
| 245 |
0 |
0 |
|a Šothov Odysseus bude nekonvenčný a rebelský
|c [autor] (ato)
|
| 300 |
|
|
|b Obr.
|
| 610 |
2 |
7 |
|a Štátne divadlo Košice.
|b Balet
|2 kevkjb
|9 31515
|
| 630 |
0 |
7 |
|a Odysseus (balet)
|2 kevkjb
|9 1062053
|
| 650 |
0 |
7 |
|a balet
|2 kevkjb
|9 3337
|
| 651 |
|
7 |
|a Košice (Slovensko)
|2 kevkjb
|9 18694
|
| 773 |
0 |
|
|t Košický Korzár
|g Roč. X, č. 246 (25.10.2007), s. 7
|x 1335-4566
|
| 852 |
|
|
|a KEVKJB
|b KIS3GCP
|
| 856 |
4 |
1 |
|u www.korzar.sk
|
| 999 |
|
|
|c 1745366
|d 1747296
|